01673cam a22004934a 45000010005000000030008000050050017000130080039000300200025000690200025000940200025001190200025001440200025001690200022001940200022002160200022002380200022002600200026002820200026003080200026003340200026003600200023003860200024004090200024004330200024004570200026004810350014005070400023005210410008005440820023005521000044005752450069006192600064006883000028007525000061007805000042008415000064008835000055009475000022010026500033010247000026010577000054010837000042011375081BD-RjUL20211208234014.0131224r19381903enk b 001 0 eng a9780421051607 (v. 1) z9780421051108 (v. 1) a9780421050204 (v. 2) a9780421050402 (v. 4) a9780421050501 (v. 5) a0421050608 (v. 6) a0421050705 (v. 7) a0421050802 (v. 8) a042105090X (v. 9) a9780421051003 (v. 10) a9780421051102 (v. 11) z9780421051108 (v. 11) a9780421051201 (v. 12) a0421051302 (v. 13) a0421041900 (v. 14 ) a0421042001 (v. 15 ) a042105140X (v. 16 ) a9780421175600 (v. 17) a(BD-RjUL) aDLCcDLCdDLCbeng aeng00a340.0942bHOH 19381 aHoldsworth, William Searle,d1871-1944.12aA history of English law /cby Sir William Holdsworth.nVOLUME X aLondon :bSweet & Maxwell :bThomson/Sweet & Maxwell,c1938 axxxviii,763 p.:c22 cm. aVols. 1, 13-16 edited by A.L. Goodhart and H.G. Hanbury. aVol. 17: General index by John Burke. aReprint. Originally published: London : Methuen, 1903-1972. aSet composed of reimpressions of various editions. aIncludes indexes. 0aLawzGreat BritainxHistory.1 aBurke, John McDonald.1 aGoodhart, Arthur L.q(Arthur Lehman),d1891-1978.1 aHanbury, Harold Greville,d1898-1993.